00000000nam##2200000za#4500
0019.700477
003CaOODSP
00520210625000842
007cr |||||||||||
008150407|1995||||xxc|||||o    f|0| 0 eng|d
040 |aCaOODSP|beng
043 |an-cn---
0861 |aA53-1904/1994E-PDF
1101 |aCanada. |bAgriculture and Agri-Food Canada.
24510|aProduction and feeding of hulless barley / |h[electronic resource]|c[by] Frank Aberne ... [et al.] Produced by Brandon Research Centre.
260 |aOttawa - Ontario : |bAgriculture and Agri-Food Canada |c1995.
300 |a24p.|btables
500 |aHistorical publication digitized by Agriculture and Agri-Food Canada.
590 |a15-05-Supp|b2015-03-31
69007|aAnimal husbandry|2gcpds
77508|tOrge nue – Production et alimentation animale / |w(CaOODSP)9.644360
85640|ahttp://publications.gc.ca|qPDF|s1191 KB|uhttps://publications.gc.ca/collections/collection_2015/aac-aafc/A53-1904-1994-eng.pdf
986 |aPublication 1904/E